000 00607nam a2200205 4500
001 26127
005 20230410115444.0
008 060907n2002 dr spa
020 _a0821350803
035 _9funglode26324
041 _aEN
050 1 4 _aHD 6971.5 A288u 2002
100 _aAidt, Toke
245 1 _aUnions and collective bargaining :
_beconomic effects in a global environment /
_cToke Aidt, Zafiris Tzannatos
260 _aWashington :
_bThe World Bank,
_c2002
300 _axv, 168 p.
440 _aDirections in development
700 _aTzannatos, Zafiris.
942 _2lcc
_cbk
999 _c41517
_d41517